| 000 | 00811nam a22002295a 4500 | ||
|---|---|---|---|
| 005 | 20180118105348.0 | ||
| 008 | 170420t2016 ii a frb 001 0 eng d | ||
| 020 | _a9789386056139 | ||
| 040 |
_aEG-ScBUE _beng _cEG-ScBUE _dEG-ScBUE |
||
| 082 | 0 | 4 |
_222 _a610.73072 _bDEY |
| 100 | 1 | _aDey, Mamita. | |
| 245 | 1 | 2 |
_aA guide to nursing research and biostatistics / _cMamita Dey ; forword Amal Kumar Basu. |
| 260 |
_aNew Delhi : _bThe Health Sciences Publisher, _cc.2016. |
||
| 300 |
_axxvi, 418 p. : _bill. ; _c24 cm. |
||
| 504 | _aIncludes bibliographical references and index. | ||
| 650 | 7 |
_2BUEsh _936305 _aNursing _xResearch _xMethodology. |
|
| 651 | _2BUEsh | ||
| 653 |
_bNNUR _cApril2017 _cNovember2017 |
||
| 655 |
_vText book _933728 |
||
| 700 | 1 |
_aBasu, Amal Kumar, _eauthor of introduction, etc. |
|
| 942 | _2ddc | ||
| 999 |
_c24679 _d24651 |
||